[Event "Mittelfranken Landesliga Nord 2223"]
[Site "Mittelfranken"]
[Date "2023.03.19"]
[Round "8.6"]
[White "Hanisch, Friedrich"]
[Black "Homuth, Wolfgang"]
[Result "1/2-1/2"]
[WhiteElo "1940"]
[BlackElo "2099"]
[PlyCount "31"]
[EventDate "2022.10.09"]
[EventType "team-tourn"]
[EventRounds "9"]
[EventCountry "GER"]
[SourceTitle "EXT 2024"]
[Source "ChessBase"]
[SourceDate "2023.10.10"]
[SourceVersion "1"]
[SourceVersionDate "2023.10.10"]
[SourceQuality "1"]
[WhiteTeam "Altensittenbach"]
[BlackTeam "Nuernberg NT II"]
[WhiteTeamCountry "GER"]
[BlackTeamCountry "GER"]

1. d4 Nf6 2. Nf3 g6 3. c4 c5 4. d5 b5 5. cxb5 a6 6. bxa6 Bxa6 7. Nc3 d6 8. e4 Bxf1 9. Kxf1 Bg7 10. g3 0-0 11. Kg2 Nbd7 12. Qe2 Qa5 13. Bd2 Rfb8 14. Rab1 Qa6 15. Qxa6 Rxa6 16. h3 1/2-1/2

[Event "Mittelfranken Landesliga Nord 2223"]
[Site "Mittelfranken"]
[Date "2022.10.23"]
[Round "2.4"]
[White "Muehling, Werner"]
[Black "Homuth, Wolfgang"]
[Result "1/2-1/2"]
[WhiteElo "2018"]
[BlackElo "2099"]
[PlyCount "85"]
[EventDate "2022.10.09"]
[EventType "team-tourn"]
[EventRounds "9"]
[EventCountry "GER"]
[SourceTitle "EXT 2024"]
[Source "ChessBase"]
[SourceDate "2023.10.10"]
[SourceVersion "1"]
[SourceVersionDate "2023.10.10"]
[SourceQuality "1"]
[WhiteTeam "Schwandorf"]
[BlackTeam "Nuernberg NT II"]
[WhiteTeamCountry "GER"]
[BlackTeamCountry "GER"]

1. d4 Nf6 2. Nf3 c5 3. e3 g6 4. Bd3 Bg7 5. 0-0 b6 6. Qe2 Bb7 7. Nbd2 Nc6 8. c3 0-0 9. Re1 d6 10. dxc5 bxc5 11. e4 Rb8 12. Nf1 Nd7 13. Ne3 Nde5 14. Nxe5 Nxe5 15. Bc2 Qa5 16. Bd2 Ba6 17. c4 Qd8 18. Bc3 Nc6 19. Bxg7 Kxg7 20. b3 Qa5 21. Red1 Bc8 22. Qd2 Qxd2 23. Rxd2 Nd4 24. Bd3 a5 25. Nd5 Rb7 26. Rb1 Re8 27. Nc3 Bd7 28. Bc2 Reb8 29. Rbd1 Rb4 30. f3 a4 31. Nd5 axb3 32. axb3 R4b7 33. Rxd4 cxd4 34. Nxe7 Ra7 35. Rxd4 Ra1+ 36. Rd1 Ra2 37. Rc1 Rba8 38. Nd5 Be6 39. Ne3 Ra1 40. Rxa1 Rxa1+ 41. Kf2 Kf6 42. f4 Ke7 43. Ke2 1/2-1/2

[Event "Mittelfranken Landesliga Nord 2122"]
[Site "Mittelfranken"]
[Date "2022.05.15"]
[Round "5.4"]
[White "Diekers, Michael"]
[Black "Homuth, Wolfgang"]
[Result "1-0"]
[WhiteElo "2101"]
[BlackElo "2067"]
[PlyCount "48"]
[EventDate "2021.10.24"]
[EventType "team-tourn"]
[EventRounds "9"]
[EventCountry "GER"]
[SourceTitle "EXT 2024"]
[Source "ChessBase"]
[SourceDate "2023.10.10"]
[SourceVersion "1"]
[SourceVersionDate "2023.10.10"]
[SourceQuality "1"]
[WhiteTeam "Herzogenaurach"]
[BlackTeam "Nuernberg NT II"]
[WhiteTeamCountry "GER"]
[BlackTeamCountry "GER"]

1. d4 f5 2. Nf3 Nf6 3. g3 g6 4. Bg2 Bg7 5. 0-0 0-0 6. b3 c5 7. Bb2 Ne4 8. c4 Nc6 9. e3 Qa5 10. Qe2 d6 11. d5 Bxb2 12. Qxb2 Nd8 13. Nbd2 Nxd2 14. Nxd2 e5 15. dxe6 Bxe6 16. Rad1 Qc7 17. Nb1 Nc6 18. Nc3 a6 19. Nd5 Qf7 20. Rd2 Rad8 21. Rfd1 Ne7 22. Nf4 Bc8 23. Rxd6 Rde8 24. Qe5 g5 1-0

[Event "Mittelfranken Landesliga Nord 2122"]
[Site "Mittelfranken"]
[Date "2022.03.13"]
[Round "6.5"]
[White "Mittag, Ralf"]
[Black "Homuth, Wolfgang"]
[Result "0-1"]
[WhiteElo "2061"]
[BlackElo "2067"]
[PlyCount "148"]
[EventDate "2021.10.24"]
[EventType "team-tourn"]
[EventRounds "9"]
[EventCountry "GER"]
[SourceTitle "EXT 2024"]
[Source "ChessBase"]
[SourceDate "2023.10.10"]
[SourceVersion "1"]
[SourceVersionDate "2023.10.10"]
[SourceQuality "1"]
[WhiteTeam "Bamberg"]
[BlackTeam "Nuernberg NT II"]
[WhiteTeamCountry "GER"]
[BlackTeamCountry "GER"]

1. e4 c6 2. d3 d5 3. Nd2 e5 4. Ngf3 Bd6 5. g3 Nf6 6. Bg2 0-0 7. 0-0 Re8 8. Re1 dxe4 9. dxe4 Be6 10. b3 Bb4 11. Bb2 Nbd7 12. a3 Ba5 13. Qe2 b5 14. Rad1 Qc7 15. c4 a6 16. b4 Bb6 17. c5 Ba7 18. h3 Bb8 19. Ng5 a5 20. Nxe6 Rxe6 21. h4 a4 22. Bh3 Re8 23. Nf1 Nf8 24. Ne3 g6 25. Qf3 Qe7 26. Bc1 Ne6 27. Bxe6 Qxe6 28. Nf1 Kg7 29. Bg5 Ng4 30. Qd3 h6 31. Bc1 Nf6 32. Qd2 Rh8 33. Nh2 Bc7 34. Qe3 Rad8 35. Rxd8 Bxd8 36. Rd1 Bc7 37. Kg2 Qc4 38. f3 Qc2+ 39. Qd2 Qxd2+ 40. Rxd2 Rd8 41. Rxd8 Bxd8 42. Bb2 Bc7 43. Nf1 h5 44. Ne3 Kf8 45. Nd1 Ke7 46. Kf2 Ke6 47. Ke3 Bd8 48. Nf2 Nh7 49. Nd3 f6 50. f4 Bc7 51. Kf3 g5 52. hxg5 exf4 53. gxf4 fxg5 54. f5+ Ke7 55. e5 g4+ 56. Kf4 Kf7 57. Kg3 Ng5 58. Bc1 Nf3 59. Bf4 Bd8 60. e6+ Kf6 61. Bd6 Kxf5 62. e7 h4+ 63. Kf2 Bxe7 64. Bxe7 Ke4 65. Nb2 Kd4 66. Bf6+ Ke4 67. Nxa4 bxa4 68. b5 g3+ 69. Kg2 Ne1+ 70. Kh3 g2 71. Kh2 h3 72. bxc6 Nf3+ 73. Kxh3 g1Q 74. c7 Kf4 0-1

[Event "BL2-Ost 1920"]
[Site "Germany"]
[Date "2019.12.07"]
[Round "5.7"]
[White "Homuth, Wolfgang"]
[Black "Voekler, Bernd"]
[Result "0-1"]
[WhiteElo "2173"]
[BlackElo "2359"]
[PlyCount "42"]
[EventDate "2019.10.19"]
[EventType "team-tourn"]
[EventRounds "11"]
[EventCountry "GER"]
[SourceTitle "CBM 194 Extra"]
[Source "ChessBase"]
[SourceDate "2020.03.31"]
[SourceVersion "1"]
[SourceVersionDate "2020.03.31"]
[SourceQuality "1"]
[WhiteTeam "Nuernberg NT"]
[BlackTeam "Erfurt"]
[WhiteTeamCountry "GER"]
[BlackTeamCountry "GER"]

1. d4 Nf6 2. Bf4 d6 3. Nc3 g6 4. e4 Bg7 5. Qd2 a6 6. 0-0-0 b5 7. f3 Bb7 8. Bh6 Bxh6 9. Qxh6 Nbd7 10. e5 b4 11. Nce2 Nd5 12. e6 fxe6 13. Qg7 Rf8 14. Qxh7 Rf6 15. Qh6 c5 16. dxc5 Qa5 17. Kb1 Nxc5 18. Ka1 b3 19. cxb3 Nxb3+ 20. Kb1 Nb4 21. a3 Qf5+ 0-1

[Event "Landesliga Nord 1819"]
[Site "Bayern"]
[Date "2019.04.07"]
[Round "9.3"]
[White "Votruba, Pavel"]
[Black "Homuth, Wolfgang"]
[Result "1-0"]
[WhiteElo "2167"]
[BlackElo "2091"]
[PlyCount "67"]
[EventDate "2018.10.21"]
[EventType "team-tourn"]
[EventRounds "9"]
[EventCountry "GER"]
[SourceTitle "EXT 2022"]
[Source "ChessBase"]
[SourceDate "2021.10.06"]
[SourceVersion "1"]
[SourceVersionDate "2021.10.06"]
[SourceQuality "1"]
[WhiteTeam "Schwandorf"]
[BlackTeam "Nuernberg NT II"]
[WhiteTeamCountry "GER"]
[BlackTeamCountry "GER"]

1. Nf3 f5 2. d4 Nf6 3. c4 g6 4. Nc3 Bg7 5. Bf4 d6 6. h3 e6 7. e3 Qe7 8. g4 0-0 9. gxf5 exf5 10. Qc2 Nc6 11. 0-0-0 Bd7 12. h4 a6 13. Bg5 Qf7 14. Bxf6 Qxf6 15. Nd5 Qd8 16. Be2 Ne7 17. Nf4 Rf6 18. h5 Be8 19. hxg6 hxg6 20. Ng5 Bf7 21. Nh7 Rb8 22. Bf3 b5 23. Nxf6+ Bxf6 24. Nd5 Bg7 25. Nxe7+ Qxe7 26. Bd5 c6 27. Bxf7+ Qxf7 28. c5 dxc5 29. Qxc5 Qxa2 30. Kc2 Qa4+ 31. Kb1 b4 32. Rc1 Rb5 33. Qxc6 b3 34. Qe6+ 1-0

[Event "Landesliga Nord 1819"]
[Site "Bayern"]
[Date "2019.02.03"]
[Round "6.3"]
[White "Homuth, Wolfgang"]
[Black "Kannenberg, Karl Heinz"]
[Result "1/2-1/2"]
[WhiteElo "2091"]
[BlackElo "2134"]
[PlyCount "58"]
[EventDate "2018.10.21"]
[EventType "team-tourn"]
[EventRounds "9"]
[EventCountry "GER"]
[SourceTitle "EXT 2022"]
[Source "ChessBase"]
[SourceDate "2021.10.06"]
[SourceVersion "1"]
[SourceVersionDate "2021.10.06"]
[SourceQuality "1"]
[WhiteTeam "Nuernberg NT II"]
[BlackTeam "Kitzingen SC"]
[WhiteTeamCountry "GER"]
[BlackTeamCountry "GER"]

1. d4 d5 2. Bf4 c6 3. Nd2 Qb6 4. Nb3 Nf6 5. e3 Bf5 6. Nf3 e6 7. Ne5 h6 8. Be2 Nbd7 9. Nxd7 Nxd7 10. 0-0 Be7 11. c4 dxc4 12. Bxc4 0-0 13. Qe2 Nf6 14. Rac1 Rad8 15. Bg3 Ne4 16. Be5 Nd6 17. Bd3 Bxd3 18. Qxd3 Ne8 19. Qc2 Bd6 20. e4 Nc7 21. Rfd1 Na6 22. Qc4 Qc7 23. Bxd6 Rxd6 24. Re1 Rfd8 25. g3 Qb6 26. a3 Nc7 27. a4 Na6 28. Re3 Qb4 29. a5 Qxc4 1/2-1/2

[Event "Landesliga Nord 1819"]
[Site "Bayern"]
[Date "2018.12.16"]
[Round "4.3"]
[White "Dey, Jan Marten"]
[Black "Homuth, Wolfgang"]
[Result "1/2-1/2"]
[WhiteElo "2143"]
[BlackElo "2091"]
[PlyCount "103"]
[EventDate "2018.10.21"]
[EventType "team-tourn"]
[EventRounds "9"]
[EventCountry "GER"]
[SourceTitle "EXT 2022"]
[Source "ChessBase"]
[SourceDate "2021.10.06"]
[SourceVersion "1"]
[SourceVersionDate "2021.10.06"]
[SourceQuality "1"]
[WhiteTeam "Schweinfurt"]
[BlackTeam "Nuernberg NT II"]
[WhiteTeamCountry "GER"]
[BlackTeamCountry "GER"]

1. b4 e5 2. a3 d5 3. Bb2 Bd6 4. e3 Nf6 5. c4 c6 6. Nc3 Nbd7 7. cxd5 Nxd5 8. Nf3 Qe7 9. Nxd5 cxd5 10. Qb3 d4 11. exd4 e4 12. Ne5 0-0 13. Nxd7 Bxd7 14. Be2 Qg5 15. 0-0 Qxd2 16. Bc4 Qh6 17. g3 Rae8 18. Rfe1 Be6 19. Bxe6 Rxe6 20. Qd5 Qd2 21. Rab1 Rfe8 22. Red1 Qe2 23. Re1 Qg4 24. Bc1 f5 25. Rb3 Kh8 26. f3 Qg6 27. f4 R6e7 28. Rc3 h6 29. Be3 Rd7 30. Qb5 Red8 31. Rec1 Qf7 32. Qa5 a6 33. Rc4 Kh7 34. a4 Bb8 35. b5 axb5 36. axb5 Rd5 37. Qb4 Qd7 38. Rc5 Bd6 39. Rxd5 Bxb4 40. Rxd7 Rxd7 41. b6 Ba5 42. d5 Rxd5 43. Rc7 Rd3 44. Bc5 Rc3 45. Kf1 Rc1+ 46. Ke2 Rc2+ 47. Kd1 Rc4 48. Ke2 Kg6 49. Bd6 Rd4 50. Be5 Rd2+ 51. Ke3 Rd5 52. Ke2 1/2-1/2

[Event "Landesliga Nord 1819"]
[Site "Bayern"]
[Date "2018.11.25"]
[Round "3.3"]
[White "Homuth, Wolfgang"]
[Black "Gehlert, Klaus"]
[Result "0-1"]
[WhiteElo "2091"]
[BlackElo "2075"]
[PlyCount "80"]
[EventDate "2018.10.21"]
[EventType "team-tourn"]
[EventRounds "9"]
[EventCountry "GER"]
[SourceTitle "EXT 2022"]
[Source "ChessBase"]
[SourceDate "2021.10.06"]
[SourceVersion "1"]
[SourceVersionDate "2021.10.06"]
[SourceQuality "1"]
[WhiteTeam "Nuernberg NT II"]
[BlackTeam "Wuerzburg"]
[WhiteTeamCountry "GER"]
[BlackTeamCountry "GER"]

1. e4 e6 2. Nf3 d5 3. Nc3 Nf6 4. e5 Nfd7 5. d4 c5 6. dxc5 Nxc5 7. Be2 Nc6 8. 0-0 a6 9. Re1 Be7 10. Bf1 0-0 11. Bf4 Kh8 12. a3 a5 13. Qd2 f6 14. Rad1 a4 15. exf6 gxf6 16. Bg3 Rg8 17. Qh6 Rg6 18. Qh5 Qf8 19. Bf4 Qf7 20. Kh1 Rg7 21. Qxf7 Rxf7 22. Bh6 Bd6 23. Be3 Bd7 24. Bb5 Nd8 25. Bxd7 Nxd7 26. Nd4 Bc5 27. Ndb5 Bxe3 28. Rxe3 Ne5 29. b3 axb3 30. cxb3 Ndc6 31. a4 Rd8 32. Nd4 Nxd4 33. Rxd4 Nc6 34. Rd1 d4 35. Rxe6 dxc3 36. Rxd8+ Nxd8 37. Re8+ Kg7 38. Rxd8 c2 39. Rc8 Rd7 40. Rxc2 Rd1# 0-1

[Event "Landesliga Nord 1819"]
[Site "Bayern"]
[Date "2018.11.11"]
[Round "2.3"]
[White "Kraich, Klaus"]
[Black "Homuth, Wolfgang"]
[Result "0-1"]
[WhiteElo "2096"]
[BlackElo "2091"]
[PlyCount "186"]
[EventDate "2018.10.21"]
[EventType "team-tourn"]
[EventRounds "9"]
[EventCountry "GER"]
[SourceTitle "EXT 2022"]
[Source "ChessBase"]
[SourceDate "2021.10.06"]
[SourceVersion "1"]
[SourceVersionDate "2021.10.06"]
[SourceQuality "1"]
[WhiteTeam "Klingenberg"]
[BlackTeam "Nuernberg NT II"]
[WhiteTeamCountry "GER"]
[BlackTeamCountry "GER"]

1. d4 f5 2. Nf3 Nf6 3. c4 d6 4. Nc3 g6 5. g3 Bg7 6. Bg2 0-0 7. 0-0 c6 8. Rb1 a5 9. d5 e5 10. dxe6 Bxe6 11. b3 Na6 12. Bf4 Nh5 13. Bg5 Qc7 14. Nd4 Bf7 15. Qd2 Rfe8 16. Bh6 Nc5 17. Rbd1 a4 18. Bxg7 Nxg7 19. b4 Ne4 20. Nxe4 fxe4 21. Qc2 Qe7 22. e3 Qe5 23. a3 d5 24. c5 Ne6 25. Nxe6 Bxe6 26. Rd4 Qh5 27. Rb1 Bh3 28. b5 Bxg2 29. Kxg2 Qf3+ 30. Kg1 Rf8 31. bxc6 bxc6 32. Rd2 Ra5 33. Qc3 Raa8 34. Rb6 Rfb8 35. Rdb2 Qd1+ 36. Kg2 Qf3+ 37. Kf1 Qh1+ 38. Ke2 Qf3+ 39. Ke1 Rf8 40. Re2 d4 41. Qc4+ Rf7 42. Qxd4 Raf8 43. Rxc6 Qh1+ 44. Kd2 Rxf2 45. Qc4+ Kg7 46. Re6 Rxe2+ 47. Qxe2 Qb1 48. Rd6 Qb2+ 49. Ke1 Qxa3 50. Rd7+ Kh6 51. Qd2 Qxc5 52. Qd4 Qc1+ 53. Ke2 Qf1+ 54. Kd2 Rf2+ 55. Kc3 Qc1+ 56. Kb4 Qb2+ 57. Qxb2 Rxb2+ 58. Kxa4 Rxh2 59. Re7 Rg2 60. Rxe4 Rxg3 61. Kb4 Kg5 62. Kc3 h5 63. Kd3 Rg2 64. Re8 h4 65. e4 Kf6 66. Ke3 g5 67. Rf8+ Ke6 68. Rg8 Rg3+ 69. Kf2 Ke5 70. Re8+ Kf4 71. e5 Kf5 72. e6 Kf6 73. e7 Kf7 74. Rb8 Kxe7 75. Rb6 Kf7 76. Rc6 Kg7 77. Rb6 Ra3 78. Kg2 Rg3+ 79. Kf2 Rg4 80. Kf3 Rf4+ 81. Kg2 Rf6 82. Rb4 Kg6 83. Rc4 Kh5 84. Rb4 g4 85. Rb5+ Kg6 86. Rb4 Kg5 87. Ra4 Rf5 88. Rb4 Ra5 89. Rb2 h3+ 90. Kg3 Ra3+ 91. Kh2 Kh4 92. Kg1 Ra1+ 93. Kf2 g3+ 0-1

[Event "Landesliga Nord 1819"]
[Site "Bayern"]
[Date "2018.10.21"]
[Round "1.3"]
[White "Homuth, Wolfgang"]
[Black "Maurer, Christian"]
[Result "0-1"]
[WhiteElo "2091"]
[BlackElo "2087"]
[PlyCount "60"]
[EventDate "2018.10.21"]
[EventType "team-tourn"]
[EventRounds "9"]
[EventCountry "GER"]
[SourceTitle "EXT 2022"]
[Source "ChessBase"]
[SourceDate "2021.10.06"]
[SourceVersion "1"]
[SourceVersionDate "2021.10.06"]
[SourceQuality "1"]
[WhiteTeam "Nuernberg NT II"]
[BlackTeam "Kelheim SK"]
[WhiteTeamCountry "GER"]
[BlackTeamCountry "GER"]

1. e4 e5 2. Bc4 Nf6 3. d3 c6 4. Nf3 d5 5. Bb3 a5 6. a3 a4 7. Ba2 Bd6 8. Nc3 Be6 9. 0-0 0-0 10. exd5 cxd5 11. Bg5 Ra5 12. d4 e4 13. Ne5 Nc6 14. Bf4 Qc7 15. Nxc6 bxc6 16. Bxd6 Qxd6 17. h3 Rb8 18. Rb1 Bf5 19. Qd2 Ra7 20. Rfe1 h6 21. Qe3 Bg6 22. Re2 Nh5 23. Rd2 f5 24. Qe1 Kh7 25. g3 f4 26. g4 Nf6 27. Nd1 Kh8 28. Rc1 Nh7 29. h4 Nf6 30. f3 exf3 0-1

[Event "Mittelfranken-ch HT 67th"]
[Site "Nuremberg"]
[Date "2018.03.30"]
[Round "8"]
[White "Meulner, Klaus"]
[Black "Homuth, Wolfgang"]
[Result "1-0"]
[WhiteElo "2103"]
[BlackElo "2198"]
[PlyCount "93"]
[EventDate "2018.03.27"]
[EventType "swiss"]
[EventRounds "9"]
[EventCountry "GER"]
[SourceTitle "EXT 2020"]
[Source "ChessBase"]
[SourceDate "2019.10.17"]
[SourceVersion "1"]
[SourceVersionDate "2019.10.17"]
[SourceQuality "1"]

1. Nf3 f5 2. d3 Nc6 3. e4 e5 4. Nc3 d6 5. exf5 Bxf5 6. d4 exd4 7. Nxd4 Nxd4 8. Qxd4 Nf6 9. Bc4 c6 10. 0-0 Be7 11. Qf4 Qd7 12. Ne2 d5 13. Nd4 Bg6 14. Bd3 Bxd3 15. cxd3 0-0 16. Nf5 Rae8 17. Nxe7+ Rxe7 18. Qa4 Re2 19. h3 b6 20. b4 Nh5 21. b5 c5 22. Qg4 Qxg4 23. hxg4 Nf6 24. g5 Nd7 25. f3 Ne5 26. Rd1 Ng6 27. Rd2 Rfe8 28. Rxe2 Rxe2 29. Kf1 Rc2 30. a4 d4 31. f4 Nh4 32. g4 Nf3 33. f5 Ne5 34. Bf4 Nxd3 35. Bb8 Nb4 36. Bxa7 Nd5 37. a5 bxa5 38. Rb1 Nc3 39. Rb3 c4 40. b6 Rc1+ 41. Kg2 Rc2+ 42. Kh3 cxb3 43. b7 b2 44. b8Q+ Kf7 45. Qc7+ Ke8 46. Qc8+ Kf7 47. Qe6+ 1-0

[Event "Oberliga Bayern 1718"]
[Site "Bayern"]
[Date "2017.12.10"]
[Round "4.3"]
[White "Kotz, Reinhard"]
[Black "Homuth, Wolfgang"]
[Result "1-0"]
[WhiteElo "2160"]
[BlackElo "2229"]
[PlyCount "43"]
[EventDate "2017.10.22"]
[EventType "team-tourn"]
[EventRounds "9"]
[EventCountry "GER"]
[SourceTitle "EXT 2020"]
[Source "ChessBase"]
[SourceDate "2019.10.17"]
[SourceVersion "1"]
[SourceVersionDate "2019.10.17"]
[SourceQuality "1"]
[WhiteTeam "Herzogenaurach"]
[BlackTeam "Nuernberg NT II"]
[WhiteTeamCountry "GER"]
[BlackTeamCountry "GER"]

1. e4 c5 2. d4 cxd4 3. c3 dxc3 4. Nxc3 Nc6 5. Nf3 e6 6. Bc4 a6 7. 0-0 Nge7 8. Bg5 h6 9. Be3 Ng6 10. Bb3 b5 11. Nd5 exd5 12. exd5 Nce5 13. Nxe5 Nxe5 14. d6 Bb7 15. f4 Nf3+ 16. gxf3 Qf6 17. Bd5 Rb8 18. Bxb7 Rxb7 19. Qd5 Rb8 20. Rfe1 Kd8 21. Bb6+ Rxb6 22. Qa8+ 1-0

[Event "Oberliga Bayern 1718"]
[Site "Bayern"]
[Date "2017.11.12"]
[Round "2.2"]
[White "Belezky, Alexander"]
[Black "Homuth, Wolfgang"]
[Result "1/2-1/2"]
[WhiteElo "2386"]
[BlackElo "2229"]
[PlyCount "103"]
[EventDate "2017.10.22"]
[EventType "team-tourn"]
[EventRounds "9"]
[EventCountry "GER"]
[SourceTitle "EXT 2020"]
[Source "ChessBase"]
[SourceDate "2019.10.17"]
[SourceVersion "1"]
[SourceVersionDate "2019.10.17"]
[SourceQuality "1"]
[WhiteTeam "Bayern Muenchen II"]
[BlackTeam "Nuernberg NT II"]
[WhiteTeamCountry "GER"]
[BlackTeamCountry "GER"]

1. Nf3 f5 2. d4 Nf6 3. Bf4 d6 4. h3 g6 5. Nbd2 Bg7 6. c3 0-0 7. e3 Nc6 8. Qc2 Qe8 9. 0-0-0 Kh8 10. Bh2 a6 11. Bd3 e5 12. dxe5 dxe5 13. e4 f4 14. Nb3 Be6 15. Qe2 b5 16. Kb1 Nd7 17. Rd2 Qe7 18. Rhd1 Nb6 19. Ne1 Rad8 20. f3 Nc4 21. Bxc4 Bxc4 22. Qf2 Bf6 23. Nd3 Bh4 24. Qc5 Rd6 25. Ndc1 Rfd8 26. Rxd6 Rxd6 27. Rxd6 Qxd6 28. Qxd6 cxd6 29. Nd2 Be6 30. Nd3 Kg8 31. Bg1 Kf7 32. b3 Ke7 33. Kb2 Kd7 34. a4 bxa4 35. b4 Kc7 36. Ka3 Kb7 37. Kxa4 Be7 38. Bf2 g5 39. c4 h5 40. b5 axb5+ 41. cxb5 Nd4 42. Bxd4 exd4 43. Nb3 Kb6 44. Nxd4 Bc4 45. Ne1 Bf6 46. Kb4 Bf1 47. Nf5 Be5 48. Ne7 Bxb5 49. Nd5+ Kc6 50. Ne7+ Kb6 51. Nd5+ Kc6 52. Ne7+ 1/2-1/2

[Event "Oberliga Sued W 1617"]
[Site "Germany"]
[Date "2016.12.04"]
[Round "4.5"]
[White "Homuth, Wolfgang"]
[Black "Stahnecker, Ludwig"]
[Result "1-0"]
[WhiteElo "2219"]
[BlackElo "2143"]
[PlyCount "53"]
[EventDate "2016.09.25"]
[EventType "team-tourn"]
[EventRounds "9"]
[EventCountry "GER"]
[SourceTitle "EXT 2018"]
[Source "ChessBase"]
[SourceDate "2017.10.13"]
[SourceVersion "1"]
[SourceVersionDate "2017.10.13"]
[SourceQuality "1"]
[WhiteTeam "Saarbruecken SVG"]
[BlackTeam "Koblenz"]
[WhiteTeamCountry "GER"]
[BlackTeamCountry "GER"]

1. e4 c5 2. Nc3 Nc6 3. Bb5 g6 4. Bxc6 bxc6 5. d3 Bg7 6. f4 d6 7. Nf3 Qc7 8. 0-0 Bd7 9. Qe1 0-0-0 10. Bd2 Qb7 11. a3 Bg4 12. Rb1 Bxf3 13. Rxf3 Nh6 14. Kh1 Rd7 15. h3 f5 16. e5 dxe5 17. fxe5 e6 18. Na4 Qb5 19. b3 Nf7 20. c4 Qb8 21. Nxc5 Nxe5 22. Re3 Re7 23. Bc3 Nd7 24. Rxe6 Bxc3 25. Qxc3 Rhe8 26. Rxe7 Rxe7 27. Qh8+ 1-0

[Event "Oberliga Sued W 1617"]
[Site "Germany"]
[Date "2016.10.16"]
[Round "2.6"]
[White "Homuth, Wolfgang"]
[Black "Robert, Josef"]
[Result "1-0"]
[WhiteElo "2219"]
[BlackElo "1955"]
[PlyCount "89"]
[EventDate "2016.09.25"]
[EventType "team-tourn"]
[EventRounds "9"]
[EventCountry "GER"]
[SourceTitle "EXT 2018"]
[Source "ChessBase"]
[SourceDate "2017.10.13"]
[SourceVersion "1"]
[SourceVersionDate "2017.10.13"]
[SourceQuality "1"]
[WhiteTeam "Saarbruecken SVG"]
[BlackTeam "Winterbach Turm"]
[WhiteTeamCountry "GER"]
[BlackTeamCountry "GER"]

1. e4 c5 2. Nf3 d6 3. Bb5+ Bd7 4. Bxd7+ Nxd7 5. d4 cxd4 6. Nxd4 Ngf6 7. Qe2 e6 8. c4 Be7 9. 0-0 0-0 10. b3 Nc5 11. Nc3 d5 12. exd5 exd5 13. cxd5 Re8 14. Qf3 Bd6 15. Bb2 Be5 16. Rad1 Qd7 17. h3 g6 18. Rfe1 Bxd4 19. Rxe8+ Qxe8 20. Rxd4 Qe1+ 21. Kh2 Qe5+ 22. Qf4 Qxf4+ 23. Rxf4 Ne8 24. Rd4 Rd8 25. g4 Nd6 26. Kg2 f5 27. f3 b6 28. Kf2 Kf7 29. Ke2 h6 30. Kd2 g5 31. Kc2 Re8 32. Kd2 a5 33. Ba3 f4 34. Bxc5 bxc5 35. Ra4 Re3 36. Rxa5 Rxf3 37. Rxc5 Rxh3 38. a4 h5 39. Rc6 hxg4 40. Rxd6 g3 41. Ne4 Rh2+ 42. Ke1 Rh1+ 43. Ke2 g2 44. Nxg5+ Kg8 45. Nf3 1-0

[Event "Oberliga Sued W 1516"]
[Site "Germany"]
[Date "2016.01.17"]
[Round "5.2"]
[White "Heider, Martin"]
[Black "Homuth, Wolfgang"]
[Result "1-0"]
[WhiteElo "2204"]
[BlackElo "2246"]
[PlyCount "99"]
[EventDate "2015.09.20"]
[EventType "team-tourn"]
[EventRounds "9"]
[EventCountry "GER"]
[SourceTitle "CBM 170 Extra"]
[Source "ChessBase"]
[SourceDate "2016.02.25"]
[SourceVersion "1"]
[SourceVersionDate "2016.02.25"]
[SourceQuality "1"]
[WhiteTeam "Worms"]
[BlackTeam "Saarbruecken SVG"]
[WhiteTeamCountry "GER"]
[BlackTeamCountry "GER"]

1. d4 d6 2. Nf3 g6 3. e4 Nf6 4. Bd3 Bg7 5. 0-0 0-0 6. h3 Nbd7 7. e5 dxe5 8. dxe5 Ne8 9. Qe2 c6 10. Rd1 Nc7 11. Bf4 Ne6 12. Bg3 Qc7 13. c3 a5 14. Nbd2 Ndc5 15. Bc2 b6 16. Qe3 Ba6 17. b4 Nb7 18. a3 c5 19. Bb3 Nbd8 20. Bd5 Bb7 21. Qe4 Bxd5 22. Qxd5 Rc8 23. bxa5 bxa5 24. Nc4 Nc6 25. a4 Rfd8 26. Qe4 Rxd1+ 27. Rxd1 Rb8 28. h4 h6 29. h5 g5 30. Nh2 Ncd8 31. Ng4 Qb7 32. Qxb7 Rxb7 33. Nge3 Nc6 34. Kf1 Kf8 35. Ke2 Ke8 36. Nf5 Kf8 37. Rd5 Kg8 38. Kd2 Kh7 39. Kc2 Bf8 40. Nfe3 Bg7 41. Rd1 Kg8 42. Bh2 Kf8 43. Ng4 Kg8 44. g3 Nf8 45. f4 Nd7 46. Bg1 Kh7 47. Be3 gxf4 48. gxf4 f5 49. Nf2 Kg8 50. Nd3 1-0

[Event "Oberliga Sued W 1516"]
[Site "Germany"]
[Date "2015.11.15"]
[Round "3.4"]
[White "Roos, Thomas"]
[Black "Homuth, Wolfgang"]
[Result "1-0"]
[WhiteElo "2225"]
[BlackElo "2246"]
[PlyCount "123"]
[EventDate "2015.09.20"]
[EventType "team-tourn"]
[EventRounds "9"]
[EventCountry "GER"]
[SourceTitle "CBM 170 Extra"]
[Source "ChessBase"]
[SourceDate "2016.02.25"]
[SourceVersion "1"]
[SourceVersionDate "2016.02.25"]
[SourceQuality "1"]
[WhiteTeam "Heimbach Weis/Neuwied"]
[BlackTeam "Saarbruecken SVG"]
[WhiteTeamCountry "GER"]
[BlackTeamCountry "GER"]

1. c4 e5 2. Nc3 d6 3. g3 f5 4. Bg2 Nf6 5. d3 Be7 6. Nf3 0-0 7. 0-0 Qe8 8. e3 c6 9. b4 Qh5 10. b5 Be6 11. Ba3 Rf7 12. Nd2 Qh6 13. Qe2 Bf8 14. f4 a6 15. bxc6 Nxc6 16. Rab1 Rd8 17. Nf3 Bc8 18. Ng5 Rfd7 19. Nd5 Re8 20. Qd2 Qg6 21. Rb6 Kh8 22. Rfb1 Nd8 23. R6b3 Nxd5 24. Bxd5 Be7 25. Nf3 Bf6 26. Rb6 exf4 27. exf4 Nc6 28. Kg2 Rdd8 29. Bb2 Re7 30. Re1 Rxe1 31. Qxe1 Re8 32. Qd2 h6 33. Ba3 Bd8 34. Rb1 Kh7 35. Re1 Ba5 36. Bxc6 Rxe1 37. Qxa5 Re2+ 38. Kf1 Rxa2 39. Bd5 Qe8 40. Nd2 Qe3 41. Qd8 Qxd3+ 42. Kg1 Qe3+ 43. Kf1 Be6 44. Bxe6 Qxe6 45. Bb4 Rb2 46. Qa5 Rc2 47. Kf2 Rc1 48. Qa3 Qe1+ 49. Kf3 Qh1+ 50. Ke3 Re1+ 51. Kd4 Qxh2 52. Qd3 Qf2+ 53. Kd5 Kg6 54. Nf3 Re4 55. Nh4+ Kf7 56. Nxf5 Re2 57. Nxd6+ Kg8 58. Bc3 Qg2+ 59. Ne4 Qf1 60. Qd4 Kf8 61. Qxg7+ Ke8 62. Nf6+ 1-0